00413nam a2200157Ia 4500008004100000020001500041041001200056082002400068100002900092245004000121250001200161260003300173300001200206500002700218650001000245231217s9999 xx 000 0 und d a8178810654 aEnglish a651.84678 MAN;1 R aMantravadi, Pramod M ed. 0aE-Business : organizing for success a1st ed. c2002bICFAI PressaHyderabad avi, 208 aContent page available aICFAI